书目信息 |
| 题名: |
东亚地区酸沉降监测技术指南
|
|
| 作者: | ;东亚地区酸沉降监测网中国分中心 编译 | |
| 分册: | ||
| 出版信息: | 北京 中国环境科学出版社 2002.03 |
|
| 页数: | 312页 | |
| 开本: | 26cm | |
| 丛书名: | ||
| 单 册: | ||
| 中图分类: | X831 , X517 | |
| 科图分类: | ||
| 主题词: | 酸雨--suan yu--环境监测--基本知识--东亚 | |
| 电子资源: | ||
| ISBN: | 7-80163-286-9 | |
| 000 | 00994nam0 2200241 45 | |
| 001 | 012008588671 | |
| 005 | 20080313163403.71 | |
| 010 | @a7-80163-286-9@dCNY38.00 | |
| 100 | @a20080313d2002 km y0chiy0120 ea | |
| 101 | 0 | @achi |
| 102 | @aCN@b110000 | |
| 105 | @ay z 000yy | |
| 106 | @ar | |
| 200 | 1 | @a东亚地区酸沉降监测技术指南@Adong ya di qu suan chen jiang jian ce ji shu zhi nan@f东亚地区酸沉降监测网中国分中心编译@Fdong ya di qu suan chen jiang jian ce wang zhong guo fen zhong xin bian yi |
| 210 | @a北京@c中国环境科学出版社@d2002.03 | |
| 215 | @a312页@d26cm | |
| 330 | @a本书内容包括:酸沉降监测技术指南、湿沉降监测技术、内陆水监测技术、土壤和植被监测技术、酸沉降监测数据报告程序和格式等。 | |
| 606 | 0 | @a酸雨@Asuan yu@x环境监测@x基本知识@y东亚 |
| 690 | @aX831@v4 | |
| 690 | @aX517@v4 | |
| 711 | 02 | @a东亚地区酸沉降监测网中国分中心@Adong ya di qu suan chen jiang jian ce wang zhong guo fen zhong xin@4编译 |
| 801 | 0 | @aCN@bQSSK@c20080313 |
| 905 | @b20282675-77@dX831@eD675@f3 | |
| 东亚地区酸沉降监测技术指南/东亚地区酸沉降监测网中国分中心编译.-北京:中国环境科学出版社,2002.03 |
| 312页;26cm |
| ISBN 7-80163-286-9:CNY38.00 |
| 本书内容包括:酸沉降监测技术指南、湿沉降监测技术、内陆水监测技术、土壤和植被监测技术、酸沉降监测数据报告程序和格式等。 |
| ● |
| 相关链接 |
|
|
|
正题名:东亚地区酸沉降监测技术指南
索取号:X831/D675
 
预约/预借
| 序号 | 登录号 | 条形码 | 馆藏地/架位号 | 状态 | 备注 |
| 1 | 282675 | 202826754 | 期刊室512/501自科库 116排1列5层/ [索取号:X831/D675] | 在馆 | |
| 2 | 282676 | 202826763 | 自科库501/501自科库 116排1列5层/ [索取号:X831/D675] | 在馆 | |
| 3 | 282677 | 202826772 | 自科库501/501自科库 116排1列5层/ [索取号:X831/D675] | 在馆 |